Podpora malého a stredného podnikania v SR

Malé a stredné podnikanie - najrozsiahlejšia oblasť rozvinutých ekonomík. Rozdelenie podnikov podľa veľkosti. Väzba medzi podnikom a majiteľom. Osobitosti malého podnikania. Národná agentúra pre rozvoj malého a stredného podnikania a programy na podporu malého a stredného podnikania v SR. Štátne pro...

Full description

Saved in:
Bibliographic Details
Main Author: Vidová, Jarmila, 1967-
Format: Book Chapter
Language:Slovak
Subjects:
Tags: Add Tag
No Tags, Be the first to tag this record!

MARC

LEADER 00000naa$a2200000$$$4500
001 0049055
005 20240502071550.2
041 0 |a slo 
044 |a SK 
245 1 0 |a Podpora malého a stredného podnikania v SR  |c Jarmila Vidová 
520 |a Malé a stredné podnikanie - najrozsiahlejšia oblasť rozvinutých ekonomík. Rozdelenie podnikov podľa veľkosti. Väzba medzi podnikom a majiteľom. Osobitosti malého podnikania. Národná agentúra pre rozvoj malého a stredného podnikania a programy na podporu malého a stredného podnikania v SR. Štátne programy. Finančné programy. 
610 2 0 |a podpora podnikania 
610 2 0 |a podnikanie malé 
610 2 0 |a podnikanie stredné 
610 2 0 |a Slovensko 
610 2 0 |a programy vládne 
100 1 |a Vidová, Jarmila, 1967-